| 000 | 00730nam a2200289Ia 4500 | ||
|---|---|---|---|
| 005 | 20260324133302.0 | ||
| 008 | 008 260324s9999 xx 000 0 eng d | ||
| 020 | _a9781315235677 | ||
| 037 | _aEBOOK | ||
| 040 | _aCRL | ||
| 040 | _beng | ||
| 040 | _cCRL | ||
| 041 | _2eng | ||
| 041 | _aeng | ||
| 084 | _qCRL | ||
| 100 |
_aFiona Mitchell; Julian Hine _91192506 |
||
| 245 | 0 | _aTransport Disadvantage and Social Exclusion | |
| 245 | 0 | _bExclusionary Mechanisms in Transport in Urban Scotland | |
| 260 | _bTaylor and Francis | ||
| 260 | _c2003 | ||
| 365 | _a | ||
| 365 | _b230 | ||
| 856 | _uhttp://www.taylorfrancis.com/books/9781315235677 | ||
| 942 | _cEBOOK | ||
| 999 |
_c1791404 _d1791404 |
||